CISSP Exam Guide / (Record no. 218199)

000 -LEADER
fixed length control field 01336 a2200301 4500
003 - CONTROL NUMBER IDENTIFIER
control field Nust
005 - DATE AND TIME OF LATEST TRANSACTION
control field 20230821105618.0
010 ## - LIBRARY OF CONGRESS CONTROL NUMBER
LC control number 2012044884
020 ## - INTERNATIONAL STANDARD BOOK NUMBER
International Standard Book Number 0
020 ## - INTERNATIONAL STANDARD BOOK NUMBER
Terms of availability 0071781749 (set : alk. paper)
020 ## - INTERNATIONAL STANDARD BOOK NUMBER
International Standard Book Number 9780071781718 (p/n book)
020 ## - INTERNATIONAL STANDARD BOOK NUMBER
International Standard Book Number 9780071781725 (p/n CD)
020 ## - INTERNATIONAL STANDARD BOOK NUMBER
International Standard Book Number 9780071781749 (set : alk. paper)
020 ## - INTERNATIONAL STANDARD BOOK NUMBER
International Standard Book Number 978-1-25-906460-9
040 ## - CATALOGING SOURCE
Transcribing agency Nust
082 00 - DEWEY DECIMAL CLASSIFICATION NUMBER
Classification number 005.8,HAR
100 1# - MAIN ENTRY--PERSONAL NAME
Personal name Harris, Shon.
9 (RLIN) 95154
245 10 - TITLE STATEMENT
Title CISSP Exam Guide /
Statement of responsibility, etc. Shon Harris.
246 3# - VARYING FORM OF TITLE
Title proper/short title CISSP all-in-one exam guide
250 ## - EDITION STATEMENT
Edition statement Sixth edition.
300 ## - PHYSICAL DESCRIPTION
Extent 1 CD-ROM (4 3/4 in.).
300 ## - PHYSICAL DESCRIPTION
Extent xxiii, 1430 pages :
Other physical details illustrations ;
Dimensions 24 cm
490 0# - SERIES STATEMENT
Series statement All-in-one
505 ## - FORMATTED CONTENTS NOTE
Formatted contents note Becoming a CISSP (Page-1), Information Security Governance and Risk Management (Page-21), Access Control (Page-157), Security Architecture and Design (Page-297), Physical and Environmental Security (Page-427), Telecommunications and Network Security (Page-515), Cryptography (Page-759), Business Continuity and Disaster Recovery (Page-885), Legal, Regulations, Compliance, and Investigations (Page-979), Software Development Security (Page-1081), Security Operations(Page-1233),
650 #0 - SUBJECT ADDED ENTRY--TOPICAL TERM
Topical term or geographic name entry element Computer networks
General subdivision Examinations
9 (RLIN) 94252
650 #0 - SUBJECT ADDED ENTRY--TOPICAL TERM
Topical term or geographic name entry element Telecommunications engineers
General subdivision Certification.
9 (RLIN) 94256
942 ## - ADDED ENTRY ELEMENTS (KOHA)
Source of classification or shelving scheme
Koha item type Reference
Holdings
Withdrawn status Lost status Source of classification or shelving scheme Damaged status Not for loan Permanent Location Current Location Shelving location Date acquired Total Checkouts Full call number Barcode Checked out Date last seen Date last checked out Price effective from Koha item type Public note
          Military College of Signals (MCS) Military College of Signals (MCS) Reference 12/12/2016 3 005.8,HAR MCS37455 05/13/2026 01/13/2026 01/13/2026 12/12/2016 Book Almirah No.18, Shelf No.3
© 2023 Central Library, National University of Sciences and Technology. All Rights Reserved.